<?xml version="1.0" encoding="UTF-8"?>
<record
    xmlns:xsi="http://www.w3.org/2001/XMLSchema-instance"
    xsi:schemaLocation="http://www.loc.gov/MARC21/slim http://www.loc.gov/standards/marcxml/schema/MARC21slim.xsd"
    xmlns="http://www.loc.gov/MARC21/slim">

  <leader>01553nam a2200289Ia 4500</leader>
  <controlfield tag="003">OSt</controlfield>
  <controlfield tag="005">20250903112312.0</controlfield>
  <controlfield tag="008">220909b        |||||||| |||| 00| 0 eng d</controlfield>
  <datafield tag="020" ind1=" " ind2=" ">
    <subfield code="a">9781259006395</subfield>
  </datafield>
  <datafield tag="037" ind1=" " ind2=" ">
    <subfield code="c">Textual</subfield>
  </datafield>
  <datafield tag="040" ind1=" " ind2=" ">
    <subfield code="a">CSL</subfield>
    <subfield code="b">eng</subfield>
    <subfield code="c">CSL</subfield>
  </datafield>
  <datafield tag="041" ind1=" " ind2=" ">
    <subfield code="a">eng</subfield>
  </datafield>
  <datafield tag="084" ind1=" " ind2=" ">
    <subfield code="a">B0bD65,8(B) P8;Q3;7</subfield>
    <subfield code="q">CSL</subfield>
  </datafield>
  <datafield tag="100" ind1=" " ind2=" ">
    <subfield code="a">Liu, C. L.</subfield>
    <subfield code="e">author</subfield>
  </datafield>
  <datafield tag="245" ind1=" " ind2="0">
    <subfield code="a">Elements of discrete mathematies: A computer oriented approach</subfield>
  </datafield>
  <datafield tag="250" ind1=" " ind2=" ">
    <subfield code="a">4th ed.</subfield>
  </datafield>
  <datafield tag="260" ind1=" " ind2=" ">
    <subfield code="a">New Delhi:</subfield>
    <subfield code="b">Tata McGraw Hill Education,    </subfield>
    <subfield code="c">2013</subfield>
  </datafield>
  <datafield tag="300" ind1=" " ind2=" ">
    <subfield code="a">xix, 627p.</subfield>
  </datafield>
  <datafield tag="500" ind1=" " ind2=" ">
    <subfield code="a">Index 617-627p.</subfield>
  </datafield>
  <datafield tag="520" ind1=" " ind2=" ">
    <subfield code="a"> Elements of Discrete Mathematics is a comprehensive book undergraduate students of Computer Science Engineering. The book comprises chapters on sets and permutations, permutations, combinations and discrete probability, relations and functions, graphs and planar graphs, modeling computation, analysis of algorithms and recurrence relations and recursive algorithms. In addition, the book consists of several solved examples, practice problems, illustrations and algorithms to understand the concepts better. This book is essential for candidates preparing for various competitive examinations like GATE and IES.</subfield>
  </datafield>
  <datafield tag="650" ind1=" " ind2=" ">
    <subfield code="a"> Discrete mathematics</subfield>
    <subfield code="9">819854</subfield>
  </datafield>
  <datafield tag="650" ind1=" " ind2=" ">
    <subfield code="a"> Relation and function</subfield>
    <subfield code="9">819855</subfield>
  </datafield>
  <datafield tag="650" ind1=" " ind2=" ">
    <subfield code="a">General Science</subfield>
    <subfield code="9">391529</subfield>
  </datafield>
  <datafield tag="700" ind1=" " ind2=" ">
    <subfield code="a">Mohapatra, D. P.</subfield>
    <subfield code="e">co-author</subfield>
    <subfield code="9">817302</subfield>
  </datafield>
  <datafield tag="942" ind1=" " ind2=" ">
    <subfield code="h">B0bD65,8(B) P8;Q3;7</subfield>
    <subfield code="c">TEXL</subfield>
    <subfield code="2">CC</subfield>
    <subfield code="n">0</subfield>
  </datafield>
  <datafield tag="999" ind1=" " ind2=" ">
    <subfield code="c">10275</subfield>
    <subfield code="d">10275</subfield>
  </datafield>
  <datafield tag="952" ind1=" " ind2=" ">
    <subfield code="0">0</subfield>
    <subfield code="1">0</subfield>
    <subfield code="2">CC</subfield>
    <subfield code="4">0</subfield>
    <subfield code="7">0</subfield>
    <subfield code="a">CSL</subfield>
    <subfield code="b">CSL</subfield>
    <subfield code="d">2022-09-12</subfield>
    <subfield code="e">284, 24/03/2014, N R Book Distributors</subfield>
    <subfield code="l">0</subfield>
    <subfield code="o">B0bD65,8(B) P8;Q3;7</subfield>
    <subfield code="p">SL1561701</subfield>
    <subfield code="r">2022-09-12 00:00:00</subfield>
    <subfield code="w">2022-09-12</subfield>
    <subfield code="y">TEXL</subfield>
  </datafield>
</record>
